00313 2200133 4500001002100000005001500021035002000036245005600056300000800112260002700120082000800147084001200155990001200167INLIS00000000000206220250527093655 a0010-0525000354 aBerkarier Di Bidang Broad Casting /cTommy Suprapto a144 bMedia Pressindo,c2006 a600 a600 BER a0713219